000 00846nam a2200301Ia 4500
003 OSt
005 20220926025122.0
006 a|||||r|||| 00| 0
007 ta
008 220923b |||||||| |||| 00| 0 eng d
020 _a019820566X
037 _cGeneral Book
040 _aRTL
_cRTL
_beng
041 _2eng
_aeng
082 _aV1-3.N9, N9
100 _aLow Alaine Ed.
_9331900
245 0 _aOxford History of the British Empire 5 V
260 _aOxford
_bOxford University Press
_c1999
300 _axi, 731p
_ccm.
490 _vV 5
500 _aBibliography chapterwise
650 _a British Empire
_9331901
650 _a World
_9244112
650 _aHistory
700 _a Winks Robin W Ed.
_999793
942 _hV1-3.N9, N9
_cGB
_2CC
999 _c646333
_d646333